Quiz sur la Coupe du monde de football - Statistiques

Statistiques générales
  • Ce quiz a été pris 6 805 fois
    6 793 depuis la dernière actualisation
  • Le résultat moyen est 12 sur 15
Statistiques - réponses
Question Réponse % Correct
Quelle équipe a remporté le plus de Coupe du monde ? Brésil (5)
100%
Quelle est la seule équipe a avoir disputé chacune des 20 Coupes du monde ? Brésil
99%
Quelle équipe a disputé le plus grand nombre de finales ? Allemagne (8)
95%
L'Espagne a remporté une fois la CdM. En quelle année ? 2010
91%
Quel est le dernier pays organisateur à avoir remporté la CdM ? France (1998)
91%
Quelle équipe a perdu le plus grand nombre de finales ? Allemagne (4)
90%
Dans quel pays s'est déroulée la première édition ? Uruguay (1930)
87%
Quel est le seul pays africain à avoir organisé la compétition ? Afrique du Sud (2010)
81%
L'Angleterre a remporté une fois la CdM. En quelle année ? 1966
79%
Quelle est la dernière équipe à avoir remporté la CdM aux tirs-au-but ? Italie (2006)
78%
Quel footballeur allemand est le meilleur buteur de l'histoire de la CdM ? Miroslav Klose (16 buts)
78%
Quel joueur français détient le record du plus grand nombre de buts sur une édition ? Just Fontaine (13 buts en 1958)
75%
Quelle équipe a disputé le plus grand nombre de finales,sans jamais remporter la CdM ? Pays-Bas (3)
74%
Avant de perdre en finale contre l'Uruguay en 1950,quelle était la couleur du maillot brésilien ? Blanc
72%
Quelles sont les deux équipes qui se sont le plus souvent affrontées en finale ? Allemagne -Argentine (en 1986,1990 et 2014)
36%
Aucun quiz correspondant
Distribution des résultats
% des personnes avec chaque résultat
Percentile par nombre de réponses
Votre historique - résultats
Vous n’avez pas pris ce quiz depuis la dernière actualisation